Famous Andys - Statistics

General Stats
  • This quiz has been taken 34 times
  • The average score is 11 of 25
Answer Stats
Hint Answer % Correct
Leading figure of the Pop Art movement who painted Campbell's soup tins Andy Warhol
93%
This American President was sometimes known as 'Old Hickory', after the cane with which he used to hit people Andrew Jackson
87%
The first American President to be impeached Andrew Johnson
67%
Colossal French wrestler who appeared as Fezzik in The Princess Bride André the Giant
63%
English actor who starred in Hacksaw Ridge, The Social Network and Spiderman: No Way Home Andrew Garfield
63%
Politician who served as Governor of New York during the COVID-19 pandemic Andrew Cuomo
60%
Scottish tennis player who won Wimbledon in 2013 and 2016 Andy Murray
60%
English composer who wrote the stage musicals "Cats", "The Phantom of the Opera" and "Joseph and the Amazing Technicolor Dreamcoat" Andrew Lloyd Webber
57%
American actor and comedian who starred in the title role in Matlock Andy Griffith
53%
American crooner known for performing the Christmas song "It's the Most Wonderful Time of the Year" Andy Williams
53%
Scottish-American industrialist who became one of the world's richest people in the late-19th century by expanding the American steel industry Andrew Carnegie
50%
American comedian who starred as Jake Peralta in Brooklyn Nine-Nine Andy Samberg
40%
Retired former world no.1 tennis player sometimes known as "The Punisher" Andre Agassi
33%
News anchor on CNN and 60 Minutes who, in 2016, became the first LGBT person to moderate a US Presidential debate Anderson Cooper
30%
Former English cricket player and current Top Gear host, often known as "Freddie" Andrew Flintoff
30%
This British-American kickboxer has made a high-profile career as an online misogynist and all-round terrible person Andrew Tate
30%
American actor who featured as Vincent Mancini in The Godfather Part III Andy Garcia
30%
Actor known for his CGI performances - including Caesar in the Planet of the Apes movies and Gollum in the Lord of the Rings trilogy Andy Serkis
30%
Actor who starred as Rick Grimes in The Walking Dead Andrew Lincoln
27%
American talk show host who produced the Real Housewives TV franchise Andy Cohen
27%
American comedian who hosted Whose Line Is It Anyway? Drew Carey
23%
Conservative American journalist who founded the far-right online news and opinion website that bears his name Andrew Breitbart
20%
Conservative politician who served as Prime Minister of the United Kingdom from October 1922 to May 1923 Andrew Bonar Law
10%
Stuart poet and satirist best remembered for his metaphysical love song "To His Coy Mistress" Andrew Marvell
10%
Irish actor who starred as Jim Moriarty in Sherlock and The Sexy Priest in Fleabag Andrew Scott
7%
No matching quizzes found
Score Distribution
Percent of People with Each Score
Percentile by Number Answered
Your Score History
You have not taken this quiz